[Event "Novosibirsk Sukharev Memorial Seniors"]
[Site "Novosibirsk"]
[Date "2012.07.21"]
[Round "4"]
[White "Yakushev, Nikolai"]
[Black "Mukhamadeev, Razit"]
[Result "0-1"]
[WhiteElo "2144"]
[BlackElo "2092"]
[PlyCount "72"]
[EventDate "2012.07.18"]
[EventType "swiss"]
[EventRounds "9"]
[EventCountry "RUS"]
[SourceTitle "EXT 2014"]
[Source "ChessBase"]
[SourceDate "2013.11.20"]
[SourceVersion "1"]
[SourceVersionDate "2013.11.20"]
[SourceQuality "1"]

1. c4 Nf6 2. Nc3 c5 3. g3 d5 4. cxd5 Nxd5 5. Bg2 Nc7 6. Nf3 Nc6 7. 0-0 e5 8. d3 Be7 9. Be3 0-0 10. Rc1 Rb8 11. h4 f6 12. h5 Be6 13. h6 g6 14. b3 b6 15. Qd2 Qd7 16. Rfd1 Bh3 17. Bh1 Ne6 18. Kh2 Bg4 19. Ng1 Ned4 20. Nd5 Bd6 21. b4 Nxb4 22. Nxb4 cxb4 23. Bxd4 exd4 24. Rc6 Rbc8 25. Rdc1 Rxc6 26. Bxc6 Qf5 27. Nf3 Bc5 28. Qb2 Rc8 29. Qb3+ Kf8 30. Bb7 Rc7 31. Bd5 Qh5+ 32. Kg2 Qxh6 33. Rc2 Re7 34. Nxd4 Bxd4 35. Qxb4 Qh3+ 36. Kg1 Qxg3+ 0-1

[Event "Novosibirsk Sukharev Memorial op"]
[Site "Novosibirsk"]
[Date "2011.07.25"]
[Round "8"]
[White "Kuzmin, Nikolai"]
[Black "Yakushev, Nikolai"]
[Result "1-0"]
[WhiteElo "2100"]
[BlackElo "2173"]
[PlyCount "87"]
[EventDate "2011.07.18"]
[EventType "swiss"]
[EventRounds "9"]
[EventCountry "RUS"]
[SourceTitle "EXT 2012"]
[Source "ChessBase"]
[SourceDate "2011.11.24"]
[SourceVersion "1"]
[SourceVersionDate "2011.11.24"]
[SourceQuality "1"]

1. e4 c6 2. d4 d5 3. e5 Bf5 4. Bd3 Bxd3 5. Qxd3 e6 6. Nf3 c5 7. c3 Nc6 8. 0-0 Nge7 9. a3 Ng6 10. b4 b6 11. g3 Be7 12. h4 0-0 13. h5 Nh8 14. Bf4 f5 15. exf6 Bxf6 16. Qb5 Rc8 17. Qd3 Nf7 18. Re1 Qd7 19. Ra2 Rce8 20. Rae2 c4 21. Qc2 Nd6 22. Nbd2 Bd8 23. Bg5 Bc7 24. Bf4 Bd8 25. Bg5 Bf6 26. h6 g6 27. Bxf6 Rxf6 28. Ne5 Qc7 29. Ng4 Rf7 30. Rxe6 Ref8 31. Qd1 Nd8 32. R6e5 Nc6 33. Rxd5 Nf5 34. Ne4 Nce7 35. Re5 Nc6 36. Re6 Nd8 37. d5 Nxe6 38. dxe6 Re7 39. Nef6+ Kh8 40. Nd5 Qd8 41. Nxe7 Nxe7 42. Qd7 Qxd7 43. exd7 Nc6 44. Nf6 1-0

[Event "Novosibirsk Sukharev Memorial op"]
[Site "Novosibirsk"]
[Date "2011.07.24"]
[Round "7"]
[White "Yakushev, Nikolai"]
[Black "Zaichenko, Daria"]
[Result "1/2-1/2"]
[WhiteElo "2173"]
[BlackElo "2134"]
[PlyCount "60"]
[EventDate "2011.07.18"]
[EventType "swiss"]
[EventRounds "9"]
[EventCountry "RUS"]
[SourceTitle "EXT 2012"]
[Source "ChessBase"]
[SourceDate "2011.11.24"]
[SourceVersion "1"]
[SourceVersionDate "2011.11.24"]
[SourceQuality "1"]

1. c4 e6 2. g3 d5 3. Bg2 Nf6 4. Nf3 Be7 5. 0-0 0-0 6. b3 c5 7. d3 Nc6 8. a3 b6 9. Bb2 Bb7 10. Qc2 Qc7 11. Nc3 d4 12. Nd1 Rad8 13. e4 e5 14. Bc1 Ne8 15. Qe2 Bc8 16. h3 f5 17. exf5 Bxf5 18. Kh2 Bd6 19. Ng5 Nf6 20. Ne4 Nxe4 21. Bxe4 Bxe4 22. Qxe4 Rde8 23. Kg2 Nb8 24. Ra2 Nd7 25. Qe1 Nf6 26. Re2 Qf7 27. f3 Qg6 28. Nf2 Bc7 29. Ne4 Nxe4 30. Rxe4 Qc6 1/2-1/2

[Event "Novosibirsk Region-ch sf"]
[Site "Novosibirsk"]
[Date "2010.10.22"]
[Round "7"]
[White "Kuzmin, Nikolai"]
[Black "Yakushev, Nikolai"]
[Result "1/2-1/2"]
[WhiteElo "2102"]
[BlackElo "2205"]
[PlyCount "39"]
[EventDate "2010.??.??"]
[EventType "swiss"]
[EventRounds "9"]
[EventCountry "RUS"]
[SourceTitle "EXT 2014"]
[Source "ChessBase"]
[SourceDate "2013.11.20"]
[SourceVersion "1"]
[SourceVersionDate "2013.11.20"]
[SourceQuality "1"]

1. e4 d6 2. d4 c6 3. Nf3 Qc7 4. b3 g6 5. Bb2 Bg7 6. Nbd2 Nh6 7. Bd3 0-0 8. Qe2 Nd7 9. 0-0 b5 10. a4 bxa4 11. Rxa4 Nc5 12. Ra2 Nxd3 13. Qxd3 d5 14. Re1 Ng4 15. h3 Nf6 16. e5 Nh5 17. Qe3 Bh8 18. Qh6 Bg7 19. Qe3 Bh8 20. Qh6 1/2-1/2

[Event "Novosibirsk Region-ch sf"]
[Site "Novosibirsk"]
[Date "2010.10.20"]
[Round "5"]
[White "Yakushev, Nikolai"]
[Black "Sukhanov, Dmitry"]
[Result "0-1"]
[WhiteElo "2205"]
[BlackElo "2138"]
[PlyCount "64"]
[EventDate "2010.??.??"]
[EventType "swiss"]
[EventRounds "9"]
[EventCountry "RUS"]
[SourceTitle "EXT 2014"]
[Source "ChessBase"]
[SourceDate "2013.11.20"]
[SourceVersion "1"]
[SourceVersionDate "2013.11.20"]
[SourceQuality "1"]

1. Nf3 Nf6 2. d4 e6 3. c4 Bb4+ 4. Nbd2 b6 5. a3 Bxd2+ 6. Bxd2 Bb7 7. Bg5 d6 8. e3 Nbd7 9. Bd3 h6 10. Bh4 Qe7 11. 0-0 g5 12. Bg3 0-0-0 13. a4 h5 14. h4 Ng4 15. Nxg5 Rdg8 16. Qe1 Rxg5 17. hxg5 Qxg5 18. Bf4 Qg7 19. f3 e5 20. fxg4 exf4 21. Rxf4 hxg4 22. Qg3 Nf6 23. Raf1 Rh6 24. d5 Kb8 25. Bf5 Qh8 26. Rd4 Bc8 27. Bxc8 Rh1+ 28. Kf2 Ne4+ 29. Rxe4 Qxb2+ 30. Ke1 Qc1+ 31. Ke2 Qxf1+ 32. Kd2 Qc1+ 0-1

[Event "Novosibirsk Region-ch sf"]
[Site "Novosibirsk"]
[Date "2010.10.19"]
[Round "4"]
[White "Vorobjov, Stanislav"]
[Black "Yakushev, Nikolai"]
[Result "0-1"]
[WhiteElo "2192"]
[BlackElo "2205"]
[PlyCount "81"]
[EventDate "2010.??.??"]
[EventType "swiss"]
[EventRounds "9"]
[EventCountry "RUS"]
[SourceTitle "EXT 2014"]
[Source "ChessBase"]
[SourceDate "2013.11.20"]
[SourceVersion "1"]
[SourceVersionDate "2013.11.20"]
[SourceQuality "1"]

1. e4 e5 2. Nf3 Nf6 3. Nxe5 d6 4. Nf3 Nxe4 5. d4 Be7 6. Bd3 Nf6 7. 0-0 0-0 8. h3 Re8 9. Re1 Nbd7 10. Bf4 Nf8 11. c4 c6 12. Nc3 Ne6 13. Bh2 Bd7 14. d5 cxd5 15. cxd5 Nc5 16. Bc2 Rc8 17. Qd2 Qb6 18. a3 Nb3 19. Bxb3 Qxb3 20. Re3 Bf8 21. Rae1 Rxe3 22. Rxe3 Qc4 23. Re1 a6 24. Bf4 h6 25. Be3 Re8 26. Qd4 Qxd4 27. Bxd4 Be7 28. Nd2 Bd8 29. Rxe8+ Nxe8 30. Kf1 Kf8 31. Ke2 Ke7 32. Nc4 f6 33. Bb6 Bc7 34. a4 Bb8 35. Kf3 f5 36. Bd4 Nf6 37. Na5 Bc8 38. Bb6 Nd7 39. Nc4 Ne5+ 40. Kf4 g5+ 41. Kg3 0-1

[Event "Novosibirsk Region-ch sf"]
[Site "Novosibirsk"]
[Date "2010.10.16"]
[Round "1"]
[White "Yakushev, Nikolai"]
[Black "Romanov, Viktor"]
[Result "1-0"]
[WhiteElo "2205"]
[BlackElo "1947"]
[PlyCount "99"]
[EventDate "2010.??.??"]
[EventType "swiss"]
[EventRounds "9"]
[EventCountry "RUS"]
[SourceTitle "EXT 2014"]
[Source "ChessBase"]
[SourceDate "2013.11.20"]
[SourceVersion "1"]
[SourceVersionDate "2013.11.20"]
[SourceQuality "1"]

1. Nf3 Nf6 2. c4 c5 3. b3 d6 4. Bb2 e5 5. d3 Be7 6. e3 Bg4 7. Be2 0-0 8. Nbd2 Nc6 9. 0-0 Qc7 10. h3 Bxf3 11. Bxf3 Rab8 12. Qe2 Rfd8 13. Rac1 Bf8 14. a3 a5 15. g3 g6 16. Rc2 Bg7 17. Bg2 Qd7 18. Kh2 a4 19. Rb1 axb3 20. Nxb3 b5 21. cxb5 Rxb5 22. Bc3 Rdb8 23. Rcb2 R5b6 24. Nxc5 Rxb2 25. Nxd7 Rxe2 26. Nxb8 Nxb8 27. Rxb8+ Bf8 28. Kg1 Nd7 29. Rd8 Nc5 30. Bb4 Kg7 31. Bf1 Rb2 32. Re8 f6 33. Ra8 g5 34. g4 e4 35. Ra7+ Kg6 36. dxe4 h5 37. gxh5+ Kxh5 38. Rf7 Bh6 39. Rxf6 Nxe4 40. Rf7 Kg6 41. Rf3 Bg7 42. Bd3 d5 43. Rg3 Kh5 44. Bxe4 dxe4 45. Rg4 Ra2 46. Be7 Bb2 47. Rxg5+ Kh6 48. Rg4 Bxa3 49. Bxa3 Rxa3 50. Rxe4 1-0

[Event "Novosibirsk Sukharev Memorial op"]
[Site "Novosibirsk"]
[Date "2010.07.26"]
[Round "9"]
[White "Loginov, Vladislav"]
[Black "Yakushev, Nikolai"]
[Result "1-0"]
[WhiteElo "2142"]
[BlackElo "2218"]
[PlyCount "69"]
[EventDate "2010.07.18"]
[EventType "swiss"]
[EventRounds "9"]
[EventCountry "RUS"]
[SourceTitle "EXT 2011"]
[Source "ChessBase"]
[SourceDate "2010.11.26"]
[SourceVersion "1"]
[SourceVersionDate "2010.11.26"]
[SourceQuality "1"]

1. d4 Nf6 2. c4 e6 3. Nc3 Bb4 4. e3 d5 5. a3 Bxc3+ 6. bxc3 0-0 7. cxd5 exd5 8. Bd3 Re8 9. Ne2 b6 10. 0-0 Ba6 11. f3 Bxd3 12. Qxd3 c5 13. Ng3 Nc6 14. Bb2 Rc8 15. Rae1 Qd7 16. e4 dxe4 17. fxe4 Ne5 18. Qe2 cxd4 19. cxd4 Nc4 20. Ba1 Nxe4 21. Nxe4 f5 22. Nc5 Qd5 23. Ne6 Rcd8 24. g4 f4 25. Rxf4 Rd6 26. Re4 Nxa3 27. Nf4 Rxe4 28. Qxe4 Qxe4 29. Rxe4 Nc2 30. Bb2 a5 31. d5 g5 32. Nh5 Kf7 33. Rc4 Ne3 34. Rc7+ Ke8 35. Ba3 1-0

[Event "Novosibirsk Sukharev Memorial op"]
[Site "Novosibirsk"]
[Date "2010.07.22"]
[Round "6"]
[White "Moskalev, Alexander"]
[Black "Yakushev, Nikolai"]
[Result "0-1"]
[WhiteElo "1989"]
[BlackElo "2218"]
[PlyCount "120"]
[EventDate "2010.07.18"]
[EventType "swiss"]
[EventRounds "9"]
[EventCountry "RUS"]
[SourceTitle "EXT 2011"]
[Source "ChessBase"]
[SourceDate "2010.11.26"]
[SourceVersion "1"]
[SourceVersionDate "2010.11.26"]
[SourceQuality "1"]

1. e4 e5 2. Nf3 Nf6 3. Nxe5 d6 4. Nf3 Nxe4 5. Nc3 Nf6 6. d4 Be7 7. Bg5 0-0 8. Qd2 c6 9. Bd3 Be6 10. h3 Nbd7 11. 0-0-0 Qa5 12. a3 Rfe8 13. Ne4 Qc7 14. Qf4 Nxe4 15. Qxe4 Nf8 16. Rhe1 Bd5 17. Qg4 Bxf3 18. gxf3 Bxg5+ 19. Qxg5 Qd8 20. Qxd8 Raxd8 21. Re4 Nd7 22. Rde1 Kf8 23. Kd2 Nf6 24. R4e3 g6 25. c4 Nh5 26. b4 Nf4 27. Bf1 d5 28. c5 Ne6 29. Kc3 a6 30. a4 Ra8 31. Ra1 Ng5 32. Bg2 f5 33. Rae1 Kf7 34. a5 Ne6 35. Bf1 Re7 36. h4 Rae8 37. Re5 Kf6 38. R5e3 Rg8 39. f4 Rge8 40. Rf3 Ng7 41. Re5 Nh5 42. Bh3 Kf7 43. Kd3 Nf6 44. Kc2 Nd7 45. Rxe7+ Rxe7 46. Re3 Nf6 47. Kd3 Re4 48. Rxe4 dxe4+ 49. Kc3 Nd5+ 50. Kb3 Nxf4 51. Bf1 Nd5 52. Bc4 Ke6 53. Kc2 h6 54. Kd2 g5 55. hxg5 hxg5 56. Ke2 f4 57. f3 e3 58. Bb3 Kd7 59. Bxd5 cxd5 60. Kd3 Kc6 0-1

[Event "Novosibirsk April op"]
[Site "Novosibirsk"]
[Date "2010.04.10"]
[Round "8"]
[White "Anikin, Roman"]
[Black "Yakushev, Nikolai"]
[Result "1/2-1/2"]
[WhiteElo "1890"]
[BlackElo "2167"]
[PlyCount "64"]
[EventDate "2010.04.02"]
[EventType "swiss"]
[EventRounds "9"]
[EventCountry "RUS"]
[SourceTitle "EXT 2011"]
[Source "ChessBase"]
[SourceDate "2010.11.26"]
[SourceVersion "1"]
[SourceVersionDate "2010.11.26"]
[SourceQuality "1"]

1. d4 c6 2. Nf3 Nf6 3. g3 d6 4. Bg2 g6 5. 0-0 Bg7 6. c4 0-0 7. Nc3 Be6 8. b3 Bg4 9. Bb2 Nbd7 10. h3 Bxf3 11. Bxf3 Qc7 12. Bg2 Rfd8 13. Qc2 Rac8 14. Rac1 b5 15. cxb5 cxb5 16. Qd3 Qb8 17. Qxb5 Nb6 18. Qd3 Bh6 19. e3 Bf8 20. Ne4 Nfd5 21. a3 h6 22. Nd2 Nf6 23. Rxc8 Rxc8 24. Rc1 Rd8 25. Nc4 d5 26. Ne5 Rc8 27. Rxc8 Nxc8 28. Qc2 Nd6 29. Nd3 Nde4 30. Nc5 Qc8 31. a4 Qf5 32. Nxe4 dxe4 1/2-1/2

[Event "Novosibirsk April op"]
[Site "Novosibirsk"]
[Date "2010.04.08"]
[Round "6"]
[White "Popov, Nikita"]
[Black "Yakushev, Nikolai"]
[Result "1/2-1/2"]
[WhiteElo "1993"]
[BlackElo "2167"]
[PlyCount "143"]
[EventDate "2010.04.02"]
[EventType "swiss"]
[EventRounds "9"]
[EventCountry "RUS"]
[SourceTitle "EXT 2011"]
[Source "ChessBase"]
[SourceDate "2010.11.26"]
[SourceVersion "1"]
[SourceVersionDate "2010.11.26"]
[SourceQuality "1"]

1. e4 c6 2. d4 d6 3. c4 g6 4. Nc3 Bg7 5. f4 Qb6 6. Nf3 Bg4 7. e5 Nh6 8. Na4 Qc7 9. h3 Bxf3 10. Qxf3 Nf5 11. Qf2 c5 12. dxc5 dxe5 13. Nc3 Nc6 14. Nd5 Qd8 15. fxe5 Bxe5 16. Bf4 Bd4 17. Qe2 0-0 18. g4 e6 19. Nc7 Qh4+ 20. Kd1 Rad8 21. Kc1 Bxc5 22. Bg2 Bd6 23. Bxd6 Nxd6 24. Rd1 Qg5+ 25. Kb1 Qe7 26. Nb5 Nxb5 27. cxb5 Nd4 28. Qc4 Nxb5 29. Rxd8 Qxd8 30. a3 Nd6 31. Qb4 Qc7 32. Ka2 b6 33. Qd2 Rd8 34. Rc1 Qe7 35. Qf4 e5 36. Qb4 e4 37. Re1 Qe6+ 38. Ka1 Re8 39. Qd4 Qe5 40. Qe3 b5 41. Bf1 a5 42. Qb3 e3 43. h4 Qc5 44. Qd3 Nc4 45. Qd7 Re7 46. Qd8+ Kg7 47. h5 h6 48. hxg6 fxg6 49. Bd3 Qe5 50. Bxc4 bxc4 51. Rf1 e2 52. Qf8+ Kh7 53. Rf7+ Rxf7 54. Qxf7+ Qg7 55. Qe6 c3 56. Qxe2 cxb2+ 57. Kb1 Qb7 58. Qe6 Kg7 59. Qe5+ Kf7 60. Qxa5 Qe4+ 61. Kxb2 Qxg4 62. Qc7+ Kf6 63. Qd6+ Kg5 64. Qe5+ Kh4 65. Qh2+ Qh3 66. Qf4+ Kh5 67. a4 Qg2+ 68. Kb3 g5 69. Qf7+ Kh4 70. a5 Qg3+ 71. Kb4 Qg4+ 72. Kb5 1/2-1/2

[Event "Novosibirsk April op"]
[Site "Novosibirsk"]
[Date "2010.04.05"]
[Round "3"]
[White "Yakushev, Nikolai"]
[Black "Popov, Vyacheslav"]
[Result "1-0"]
[WhiteElo "2167"]
[BlackElo "1993"]
[PlyCount "65"]
[EventDate "2010.04.02"]
[EventType "swiss"]
[EventRounds "9"]
[EventCountry "RUS"]
[SourceTitle "EXT 2011"]
[Source "ChessBase"]
[SourceDate "2010.11.26"]
[SourceVersion "1"]
[SourceVersionDate "2010.11.26"]
[SourceQuality "1"]

1. Nf3 d5 2. g3 Nc6 3. d4 Bg4 4. Bg2 Qd7 5. c3 f6 6. b4 e6 7. Nbd2 Bd6 8. Qb3 a5 9. b5 Nce7 10. a4 Nh6 11. 0-0 Rc8 12. e4 c5 13. Re1 c4 14. Qc2 Nf7 15. Nf1 0-0 16. Ne3 Bh5 17. Nd2 Bg6 18. Qd1 Bb8 19. Ba3 Bd6 20. exd5 exd5 21. Nxd5 Bxa3 22. Nb6 Qc7 23. Nxc8 Nxc8 24. Rxa3 Nb6 25. Qf3 Nd6 26. Qf4 Qd7 27. Raa1 Bc2 28. h4 Bxa4 29. Ne4 Nxe4 30. Qxe4 Bxb5 31. Qxb7 Qxb7 32. Bxb7 Rf7 33. Reb1 1-0

[Event "Novosibirsk April op"]
[Site "Novosibirsk"]
[Date "2010.04.02"]
[Round "1"]
[White "Yakushev, Nikolai"]
[Black "Geraschenko, Vladimir"]
[Result "1-0"]
[WhiteElo "2167"]
[BlackElo "1842"]
[PlyCount "63"]
[EventDate "2010.04.02"]
[EventType "swiss"]
[EventRounds "9"]
[EventCountry "RUS"]
[SourceTitle "EXT 2011"]
[Source "ChessBase"]
[SourceDate "2010.11.26"]
[SourceVersion "1"]
[SourceVersionDate "2010.11.26"]
[SourceQuality "1"]

1. Nf3 d5 2. e3 Nf6 3. c4 e6 4. b3 Be7 5. Bb2 0-0 6. Qc2 Ne8 7. Bd3 f5 8. cxd5 exd5 9. Nd4 Nd6 10. Nc3 c6 11. Nce2 c5 12. Qxc5 Ne4 13. Qc2 Bh4 14. 0-0 Rf6 15. f3 Nd6 16. Nf4 Rh6 17. Nxf5 Nxf5 18. Bxf5 Nc6 19. Bxc8 Rxc8 20. Qf5 Ne7 21. Qd3 Qd6 22. a4 Rf8 23. Ba3 Qb8 24. Bxe7 Bxe7 25. Qxd5+ Kh8 26. Qe4 Bd6 27. g3 Qd8 28. Ne6 Qb8 29. Nxf8 Bxg3 30. f4 Bxh2+ 31. Kg2 Qxf8 32. Rh1 1-0

[Event "Novosibirsk-ch"]
[Site "Novosibirsk"]
[Date "2010.03.10"]
[Round "7"]
[White "Bublei, Pavel"]
[Black "Yakushev, Nikolai"]
[Result "0-1"]
[WhiteElo "2217"]
[BlackElo "2167"]
[PlyCount "98"]
[EventDate "2010.03.01"]
[EventType "swiss"]
[EventRounds "9"]
[EventCountry "RUS"]
[SourceTitle "CBM 135 Extra"]
[Source "ChessBase"]
[SourceDate "2010.05.04"]
[SourceVersion "1"]
[SourceVersionDate "2010.05.04"]
[SourceQuality "1"]

1. d4 Nf6 2. c4 e6 3. Nf3 b6 4. Bg5 Bb7 5. Nc3 Be7 6. e3 0-0 7. Bd3 c5 8. 0-0 d6 9. Qe2 Nbd7 10. Rfd1 Re8 11. Rd2 a6 12. Rad1 Qc7 13. Bb1 Rad8 14. b3 Nf8 15. Bh4 Ng6 16. Bxg6 hxg6 17. dxc5 bxc5 18. Ne1 Bc6 19. e4 Qb7 20. f3 Qb4 21. Nb1 Qb7 22. Qf2 a5 23. Nc3 a4 24. bxa4 Qb4 25. Nb5 Qxc4 26. Nxd6 Rxd6 27. Rxd6 Bxa4 28. Qf1 Qb4 29. Nd3 Qb8 30. Ra6 Bxd1 31. Qxd1 c4 32. Nf2 Rd8 33. Qe1 Qb5 34. Ra5 Qb6 35. Ra4 Rc8 36. e5 Nd5 37. Bxe7 Nxe7 38. h3 c3 39. Kh2 c2 40. Nd3 Qb5 41. Ra3 Qxd3 42. Rxd3 c1Q 43. Rd8+ Kh7 44. Qxc1 Rxc1 45. Rd7 Nf5 46. Rxf7 Rc2 47. a4 Nh4 48. a5 Rxg2+ 49. Kh1 Ra2 0-1

[Event "Novosibirsk-ch"]
[Site "Novosibirsk"]
[Date "2010.03.09"]
[Round "6"]
[White "Yakushev, Nikolai"]
[Black "Dzhumagaliev, Yan"]
[Result "1-0"]
[WhiteElo "2167"]
[BlackElo "2367"]
[PlyCount "91"]
[EventDate "2010.03.01"]
[EventType "swiss"]
[EventRounds "9"]
[EventCountry "RUS"]
[SourceTitle "CBM 135 Extra"]
[Source "ChessBase"]
[SourceDate "2010.05.04"]
[SourceVersion "1"]
[SourceVersionDate "2010.05.04"]
[SourceQuality "1"]

1. c4 c5 2. g3 Nc6 3. Bg2 g6 4. Nf3 Bg7 5. 0-0 e5 6. d3 Nge7 7. Nc3 d6 8. Bd2 0-0 9. Qc1 Nf5 10. e3 Rb8 11. Nd5 b5 12. Rd1 Be6 13. Ne1 Qd7 14. cxb5 Rxb5 15. Bc3 Nce7 16. Nxe7+ Qxe7 17. b3 Rbb8 18. Qd2 Bc8 19. Nc2 Bb7 20. Be4 Qe6 21. Bxb7 Rxb7 22. Rac1 h5 23. Qe2 Ne7 24. e4 a5 25. Ne3 Ra8 26. Rb1 a4 27. bxa4 Rxb1 28. Rxb1 Rxa4 29. Nc4 Kh7 30. Qc2 Ra7 31. a4 f5 32. exf5 Nxf5 33. a5 d5 34. Rb6 Qe7 35. Na3 Nd4 36. Qd1 e4 37. dxe4 dxe4 38. Nb5 Qd7 39. Bxd4 Rxa5 40. Rd6 Qxd6 41. Nxd6 Bxd4 42. Qb3 Ra1+ 43. Kg2 Re1 44. Nxe4 Kh6 45. Qd5 Re2 46. h4 1-0

[Event "Novosibirsk-ch"]
[Site "Novosibirsk"]
[Date "2010.03.06"]
[Round "5"]
[White "Yakushev, Nikolai"]
[Black "Kuzmin, Nikolai"]
[Result "1-0"]
[WhiteElo "2167"]
[BlackElo "2118"]
[PlyCount "93"]
[EventDate "2010.03.01"]
[EventType "swiss"]
[EventRounds "9"]
[EventCountry "RUS"]
[SourceTitle "CBM 135 Extra"]
[Source "ChessBase"]
[SourceDate "2010.05.04"]
[SourceVersion "1"]
[SourceVersionDate "2010.05.04"]
[SourceQuality "1"]

1. Nf3 Nf6 2. g3 g6 3. Bg2 Bg7 4. c4 0-0 5. Nc3 d6 6. d4 Nbd7 7. 0-0 e5 8. e3 c6 9. b3 Re8 10. Qc2 Qc7 11. Ba3 Bf8 12. Rac1 a6 13. Bb2 Bg7 14. Rfd1 exd4 15. Nxd4 Ne5 16. h3 c5 17. Nde2 Be6 18. Nf4 Rad8 19. Rd2 Bf5 20. Qd1 h5 21. Ncd5 Nxd5 22. Nxd5 Qd7 23. Kh2 Be6 24. Qe2 Bxd5 25. Rxd5 Qe7 26. Rcd1 Rd7 27. Qd2 Red8 28. Bxe5 Bxe5 29. f4 Bg7 30. Qf2 Re8 31. R5d3 Bf6 32. Bd5 Kg7 33. Qf3 Rh8 34. Kg2 Rhd8 35. R1d2 Re8 36. Qd1 Red8 37. Bf3 Kg8 38. g4 h4 39. g5 Bg7 40. Qe1 f6 41. Bd5+ Kf8 42. Qxh4 fxg5 43. fxg5 Qe5 44. Rf2+ Ke7 45. Rf4 Rh8 46. Qg4 Rf8 47. Re4 1-0

[Event "Novosibirsk-ch"]
[Site "Novosibirsk"]
[Date "2010.03.04"]
[Round "4"]
[White "Chuguev, Anton"]
[Black "Yakushev, Nikolai"]
[Result "1/2-1/2"]
[WhiteElo "2266"]
[BlackElo "2167"]
[PlyCount "56"]
[EventDate "2010.03.01"]
[EventType "swiss"]
[EventRounds "9"]
[EventCountry "RUS"]
[SourceTitle "CBM 135 Extra"]
[Source "ChessBase"]
[SourceDate "2010.05.04"]
[SourceVersion "1"]
[SourceVersionDate "2010.05.04"]
[SourceQuality "1"]

1. e4 c6 2. d4 d6 3. Nc3 Nf6 4. f3 g6 5. Be3 Bg7 6. Qd2 b5 7. 0-0-0 b4 8. Nb1 a5 9. Bh6 Bxh6 10. Qxh6 Be6 11. Nh3 Bxh3 12. gxh3 Qc7 13. Bc4 Nbd7 14. Rhe1 e6 15. a3 Rb8 16. a4 d5 17. exd5 Nxd5 18. Re4 N7f6 19. Re5 Qe7 20. Nd2 Qf8 21. Qh4 Qg7 22. Qf2 0-0 23. h4 Nd7 24. Rg5 Qf6 25. Ne4 Qf4+ 26. Kb1 f5 27. Bxd5 exd5 28. Nd2 Rfe8 1/2-1/2

[Event "Novosibirsk Region-ch"]
[Site "Novosibirsk"]
[Date "2009.12.09"]
[Round "7"]
[White "Gavrilov, Gennady"]
[Black "Yakushev, Nikolai"]
[Result "1/2-1/2"]
[WhiteElo "2099"]
[BlackElo "2201"]
[PlyCount "137"]
[EventDate "2009.12.04"]
[EventType "swiss"]
[EventRounds "9"]
[EventCountry "RUS"]
[SourceTitle "EXT 2011"]
[Source "ChessBase"]
[SourceDate "2010.11.26"]
[SourceVersion "1"]
[SourceVersionDate "2010.11.26"]
[SourceQuality "1"]

1. e4 e5 2. Nf3 Nf6 3. d4 d5 4. Nxe5 Nxe4 5. Bd3 Nf6 6. 0-0 Be7 7. Bg5 0-0 8. Re1 Nbd7 9. Nc3 c6 10. Qf3 Re8 11. Bxh7+ Kxh7 12. Nxf7 Qc7 13. Bf4 Qb6 14. Ng5+ Kg8 15. Bd6 Qd8 16. Ne6 Bxd6 17. Nxd8 Rxd8 18. h3 Nf8 19. Re2 Ng6 20. Rae1 Bd7 21. Re3 Bf4 22. Re7 Bd6 23. R7e3 Rf8 24. Qd1 Rf7 25. Re5 Raf8 26. Qd2 Bb4 27. Rg5 Nh8 28. f3 Bd6 29. Qd3 Nh7 30. Rge5 Bxe5 31. dxe5 Be6 32. Qd4 b6 33. Qa4 Rc7 34. Qa3 Rd8 35. Ne2 Nf8 36. g4 g5 37. f4 gxf4 38. Nxf4 Rf7 39. Nh5 Nh7 40. Qe3 Ng6 41. Qh6 Ngf8 42. g5 Rdd7 43. h4 d4 44. Rf1 Rxf1+ 45. Kxf1 Bg4 46. Nf6+ Nxf6 47. gxf6 Be6 48. Qg5+ Kh8 49. b3 Rh7 50. Ke2 Bf7 51. Kd2 Ne6 52. Qg4 c5 53. Qe4 Bg8 54. Qa8 b5 55. h5 c4 56. h6 Rc7 57. Qe8 c3+ 58. Kd1 Kh7 59. Qh5 Bf7 60. Qf5+ Kxh6 61. Qg4 Rc8 62. Qh4+ Kg6 63. Qg4+ Kh7 64. Qh3+ Kg8 65. Qg2+ Kh7 66. Qh3+ Kg6 67. Qg4+ Kh6 68. Qh4+ Kg6 69. Qg4+ 1/2-1/2

[Event "Novosibirsk Region-ch"]
[Site "Novosibirsk"]
[Date "2009.12.08"]
[Round "6"]
[White "Kuzmin, Nikolai"]
[Black "Yakushev, Nikolai"]
[Result "1-0"]
[WhiteElo "2129"]
[BlackElo "2201"]
[PlyCount "85"]
[EventDate "2009.12.04"]
[EventType "swiss"]
[EventRounds "9"]
[EventCountry "RUS"]
[SourceTitle "EXT 2011"]
[Source "ChessBase"]
[SourceDate "2010.11.26"]
[SourceVersion "1"]
[SourceVersionDate "2010.11.26"]
[SourceQuality "1"]

1. e4 c6 2. d4 d5 3. e5 Bf5 4. Bd3 Be6 5. Nf3 h6 6. 0-0 Qb6 7. b3 Nd7 8. c4 Bg4 9. Be3 e6 10. c5 Qd8 11. h3 Bxf3 12. Qxf3 Ne7 13. g4 g6 14. Qg3 Bg7 15. f4 f6 16. g5 hxg5 17. exf6 Bxf6 18. fxg5 Bg7 19. Nd2 Nf5 20. Bxf5 exf5 21. Nf3 Kf7 22. Bf4 Re8 23. Rae1 Re4 24. Bd6 Qh8 25. Rxe4 dxe4 26. Ne5+ Nxe5 27. dxe5 Re8 28. Qc3 Bxe5 29. Qc4+ Re6 30. Rxf5+ gxf5 31. g6+ Kf6 32. Bxe5+ Rxe5 33. Qf7+ Kg5 34. g7 Qxh3 35. g8Q+ Kf4 36. Qg2 Qxg2+ 37. Kxg2 Rxc5 38. Qc7+ Kg4 39. Qg7+ Kh5 40. Qf7+ Kg4 41. Qg6+ Kh4 42. Qh6+ Kg4 43. Qh3+ 1-0

[Event "Novosibirsk November op"]
[Site "Novosibirsk"]
[Date "2009.11.23"]
[Round "5"]
[White "Maslov, Vladimir2222"]
[Black "Yakushev, Nikolai"]
[Result "0-1"]
[WhiteElo "1878"]
[BlackElo "2201"]
[PlyCount "94"]
[EventDate "2009.11.16"]
[EventType "swiss"]
[EventRounds "9"]
[EventCountry "RUS"]
[SourceTitle "EXT 2011"]
[Source "ChessBase"]
[SourceDate "2010.11.26"]
[SourceVersion "1"]
[SourceVersionDate "2010.11.26"]
[SourceQuality "1"]

1. e4 e5 2. Bc4 d6 3. d4 Qf6 4. Nf3 h6 5. Nc3 c6 6. a4 Ne7 7. dxe5 dxe5 8. 0-0 Ng6 9. h3 Bb4 10. Ne2 Bxh3 11. gxh3 Qxf3 12. Ng3 Nh4 13. Qxf3 Nxf3+ 14. Kg2 Nh4+ 15. Kh2 Nd7 16. Be3 Nf6 17. c3 Bd6 18. Rfd1 Bc7 19. Rd3 0-0 20. Rad1 b6 21. b4 Rad8 22. Rxd8 Rxd8 23. Rxd8+ Bxd8 24. Ba6 Be7 25. Bb7 c5 26. b5 Ne8 27. Bd5 Nd6 28. Kg1 g5 29. Kf1 Kg7 30. Ke2 Kg6 31. f3 Ng2 32. Kf2 Nf4 33. Bxf4 exf4 34. Nf5 Nxf5 35. exf5+ Kf6 36. Be4 Ke5 37. Ke2 c4 38. Bc6 Bc5 39. Be8 Kf6 40. Bc6 Kxf5 41. Bd5 Kg6 42. Bxc4 h5 43. Bd5 f5 44. Bc6 g4 45. fxg4 fxg4 46. hxg4 hxg4 47. Kf1 f3 0-1